[Event "Penang op-B 15th"]
[Site "Penang"]
[Date "2023.12.19"]
[Round "4"]
[White "Choo, Ting Yong"]
[Black "Siva Kumar, Rishikesh Kumar"]
[Result "1-0"]
[WhiteElo "1114"]
[BlackElo "1329"]
[PlyCount "131"]
[EventDate "2023.12.18"]
[EventType "swiss"]
[EventRounds "9"]
[EventCountry "MAS"]
[SourceTitle "EXT 2025"]
[Source "ChessBase"]
[SourceDate "2024.10.14"]
[SourceVersion "1"]
[SourceVersionDate "2024.10.14"]
[SourceQuality "1"]

1. c4 Nf6 2. Nf3 c5 3. Nc3 e6 4. g3 d5 5. cxd5 exd5 6. d4 Nc6 7. Bg5 Be6 8. Bg2 cxd4 9. Nxd4 Bc5 10. Nb3 Bxf2+ 11. Kxf2 Ng4+ 12. Ke1 Qxg5 13. Qd2 Qxd2+ 14. Kxd2 Nf6 15. Rac1 0-0 16. Nb5 Rfd8 17. N5d4 Nxd4 18. Nxd4 Rac8 19. Rc3 Ne4+ 20. Bxe4 dxe4 21. Rxc8 Rxc8 22. Nxe6 fxe6 23. Rf1 Rd8+ 24. Ke3 Rc8 25. Rd1 h6 26. Rd7 Rb8 27. Kxe4 a6 28. a4 b5 29. a5 Rc8 30. Ke5 Rc2 31. e4 Rxb2 32. Ra7 b4 33. Rxa6 Ra2 34. Kxe6 b3 35. Rb6 Rxa5 36. Rxb3 Ra6+ 37. Kf5 Ra7 38. Rb6 Kf7 39. h4 Rc7 40. e5 Ra7 41. h5 Ra2 42. Rb7+ Kf8 43. e6 Rf2+ 44. Kg4 Re2 45. Rb8+ Ke7 46. Rg8 Rxe6 47. Rxg7+ Kf6 48. Rg6+ Kf7 49. Kf5 Rxg6 50. hxg6+ Kg7 51. g4 Kg8 52. Kf6 Kf8 53. g7+ Kg8 54. Kg6 h5 55. Kxh5 Kxg7 56. Kg5 Kh7 57. Kf6 Kg8 58. Kg6 Kh8 59. Kf6 Kg8 60. Kg6 Kh8 61. Kh6 Kg8 62. g5 Kh8 63. g6 Kg8 64. g7 Kf7 65. Kh7 Kf6 66. g8Q 1-0